01016nam a2200241 a 450000100100000000500170001000800410002704000250006808200230009310000310011624500670014725000120021426000390022630000170026550000310028259000260031365000360033991000370037595201230041295201080053595201140064399900170075700004531620201002050046.0100329s2005 dr 000 0 spa d aDO-SdBNPbspacBNPHU a615.1bL579m, 20051 aLeón, Mélida de93842810aManual de prácticas de farmacología /cMélida de León. a3a. ed. aSanto Domingo :bMediabyte,c2005. a2v ;c28 cm. aLa biblioteca posee el v.2 aInventariado, 2018/LP 4aFarmacologíaxManuales938429 aValidado. Control de calidad MFF 001054708PDaGRbGRcHDd2018-07-30iLF1l0ov. 2, e. 3p45316-30r2020-06-25w2020-06-25yLFPDZPréstamo en sala 0010718PDaPDbPDcHDd2015-03-03iLF1l0ov. 2p45316-10r2020-06-25w2020-06-25yLFPDZNo se presta 0010718PDaPDbPDcHDd2015-03-03iLF1l0ov. 2, e. 2p45316-20r2020-06-25w2020-06-25yLFPDZNo se presta c44805d44805